000
00315nam a2200121Ia 4500
008
191201s2009 xx 000 0 und d
100
_a
CHAUDHURI, Arindam
245
0
_a
Discover The Diamond In You
260
_a
N. Delhi
_b
Vikas Publication House
_c
2009
300
_a
109
650
_a
General Books
942
_2
ddc
_c
BK
999
_c
4394
_d
4394